000 00973nam0a22002771 4500
001 v19\rc\1512952
005 20250618165603.0
035 _a(NLR Aleph) 004637340
090 _a3247569
_c3247569
100 _a20060620d1884 |||y0rusy50 ca
101 0 _arus
102 _aRU
105 _ay z |||a|
200 1 _aВоробьиная ночь
_eДрам. этюд в 2 д.
_f[Соч.] Н. Хлопова (Авт. комедии "На лоне природы")
210 _aМосква
_cлит. Моск. театр. б-ки Е.Н. Рассохиной
_dценз. 1884
215 _a31 с.
_d22
309 _aНаписано от руки. Литогр.
700 1 _aХлопов
_bН.А.
_f1852-1909
_gНиколай Афанасьевич
801 0 _aRU
_bNLR
_gpsbo
801 0 _aRU
_bRuMoRGB
_2psbo
801 1 _aRU
_bProSoft-M
_2rusmarc
852 _aNLR
_j18.216.4.49
899 _aRuMoRGB
_jA 158/174
899 _aRuMoRGB
_jA 326/427
942 _cBOOK
980 _aNB